Language Quiz

Random Language or Letter Quiz

Add an 'A' Quiz Stats

 Plays Quiz Updated Jan 19, 2012

Also try: Add a 'C'
Challenge
Share
Tweet
Embed
Score 0/18 Timer 04:00
0 Plays Today
Before A Words % Correct
Goatee locationChin → Chain
90.5%
Not yoursMine → Maine
87.7%
Brought up; raisedBred → Bread
85.1%
Flower stalkStem → Steam
82%
A gait of a horseTrot → Tarot
81.7%
Domino's offeringPizza → Piazza
80.1%
Internet slang for conqueringPwn → Pawn
80%
To resolve or finalizeSettle → Seattle
77.6%
Friend in warAlly → Allay
75.6%
Before A Words % Correct
Recreational area or landPark → Parka
73.6%
Fish-and-chips fishCod → Coda
63.6%
A lower class workerProle → Parole
62%
Something ordered at a pubPint → Paint
61.8%
For lack of a better word it is good; avariceGreed → Agreed
59.6%
Bonnie or HelenHunt → Haunt
55.8%
Team listingRoster → Roaster
48.4%
To come in secondPlace → Palace
44.3%
Enjoyment; jocularityFun → Faun
43.9%

You're not logged in!

Compare scores with friends on all Sporcle quizzes.
Join for Free
OR
Log In

You Might Also Like...

Show Comments

Extras

Top Quizzes Today


Score Distribution

Your Account Isn't Verified!

In order to create a playlist on Sporcle, you need to verify the email address you used during registration. Go to your Sporcle Settings to finish the process.

Report this User

Report this user for behavior that violates our Community Guidelines.

Details: